01317nam a2200337 i 4500003000900000005001700009007000300026008004100029020001500070040003000085082001300115100005400128240004000182245012400222264004100346300002900387336002700416337003400443338002800477490003000505500005500535504003100590590002700621600007100648700004100719700004800760910001400808942001400822952012600836999001700962DO-SdBNP20240913144534.0ta240913s1974 sp 000 0 spa d a8433598082 aDO-SdBNPbspacBNPHUerda bH7272221 aHölderlin, Friedrich d1770-1843eautor 986576 aDer tod des Empedokles. lEspañol00aEmpédocles y escritos sobre la locura / cHölderlin ; traducción Feliu Formosa ; presentación Félix de Azúa 1aBarcelona, España : bLaborc1974. a142 páginas, c19 cm. 2rdacontentatextobtxt 2rdamediaasin mediación bn 2rdacarrieravolumenbnc1 aColección maldoror v21 aIncluye datos biografícos de los participantes.  aBibliografía p: 123-141. aInventariado, 2024/ YL aGoytisolo, Juan vCongresos.xCrítica e interpretación 9865721 aFormosa, Feliu 93544etraducción 1 aAzúa, Félix de epresentación 986573 aYLockward 2ddccLBS1 00102ddc56708GRaBNPHUbBNPHUcCTd2008-09-01eDonación l0oBNPHU GR H727p2024-5351r2024-09-13w2024-09-13yLBS1 c57686d57686